[Event "MSRCH16"]
[Site "?"]
[Date "2026.04.17"]
[Round "9.25"]
[White "Lukianov, Mykhailo"]
[Black "Jokai, Bence"]
[Result "1/2-1/2"]
[BlackElo "1788"]
[WhiteElo "1652"]
[LiveChessVersion "1.4.8"]

1. d4 {[%clk 1:30:59]} Nf6 {[%clk 1:30:51]} 2. c4 {[%clk 1:31:22]} e6
{[%clk 1:31:13]} 3. Nc3 {[%clk 1:31:47]} b6 {[%clk 1:30:01]} 4. Bg5
{[%clk 1:32:01]} Be7 {[%clk 1:30:14]} 5. e3 {[%clk 1:32:25]} Ba6 {[%clk 1:29:46]}
6. Be2 {[%clk 1:32:18]} O-O {[%clk 1:30:06]} 7. Nf3 {[%clk 1:32:41]} c6
{[%clk 1:27:24]} 8. O-O {[%clk 1:32:55]} d5 {[%clk 1:25:58]} 9. cxd5
{[%clk 1:33:17]} Bxe2 {[%clk 1:25:53]} 10. Qxe2 {[%clk 1:33:26]} cxd5
{[%clk 1:26:16]} 11. Rac1 {[%clk 1:33:37]} Nbd7 {[%clk 1:26:40]} 12. a3
{[%clk 1:33:45]} Ne4 {[%clk 1:23:15]} 13. Bxe7 {[%clk 1:33:42]} Qxe7
{[%clk 1:23:36]} 14. Nxe4 {[%clk 1:33:52]} dxe4 {[%clk 1:23:52]} 15. Nd2
{[%clk 1:34:12]} Nf6 {[%clk 1:24:10]} 16. Rc6 {[%clk 1:32:51]} Rac8
{[%clk 1:22:29]} 17. Rfc1 {[%clk 1:33:13]} Rxc6 {[%clk 1:22:34]} 18. Rxc6
{[%clk 1:33:36]} Qb7 {[%clk 1:22:28]} 19. Qc4 {[%clk 1:33:01]} h6
{[%clk 1:13:32]} 20. Rc7 {[%clk 1:32:56]} Qb8 {[%clk 1:13:48]} 21. Qc2
{[%clk 1:24:51]} Re8 {[%clk 1:11:54]} 22. h3 {[%clk 1:24:38]} Nd5
{[%clk 1:02:28]} 23. Rc6 {[%clk 1:14:53]} Ne7 {[%clk 0:59:55]} 24. Rc4
{[%clk 1:15:08]} f5 {[%clk 0:59:52]} 25. Nb1 {[%clk 1:08:53]} Rc8
{[%clk 0:59:08]} 26. Rxc8+ {[%clk 1:09:09]} Qxc8 {[%clk 0:59:31]} 27. Qxc8+
{[%clk 1:09:28]} Nxc8 {[%clk 0:59:59]} 28. Nc3 {[%clk 1:09:49]} Nd6
{[%clk 1:00:23]} 29. b3 {[%clk 1:10:09]} Kf7 {[%clk 1:00:18]} 30. f3
{[%clk 1:10:19]} g5 {[%clk 0:58:39]} 31. fxe4 {[%clk 1:10:36]} Nxe4
{[%clk 0:58:44]} 32. Nxe4 {[%clk 1:10:58]} fxe4 {[%clk 0:59:13]} 33. Kf2
{[%clk 1:11:19]} Kf6 {[%clk 0:59:30]} 34. Kg3 {[%clk 1:08:23]} Kf5
{[%clk 0:59:14]} 35. Kf2 {[%clk 1:08:11]} h5 {[%clk 0:53:36]} 36. g3
{[%clk 1:08:25]} g4 {[%clk 0:51:48]} 37. h4 {[%clk 1:08:46]} Kf6 {[%clk 0:51:56]}
38. Ke2 {[%clk 1:09:11]} Ke7 {[%clk 0:52:05]} 39. Kd2 {[%clk 1:09:34]} Kd6
{[%clk 0:52:30]} 40. Kc3 {[%clk 1:09:55]} Kc6 {[%clk 0:52:40]} 41. a4
{[%clk 1:00:46]} a5 {[%clk 0:52:32]} 42. Kc4 {[%clk 1:00:43]} Kd6
{[%clk 0:51:29]} 43. b4 {[%clk 0:58:09]} Kc6 {[%clk 0:49:14]} 44. bxa5
{[%clk 0:55:47]} 1/2-1/2

[Event "MSRCH16"]
[Site "?"]
[Date "2026.04.17"]
[Round "9.26"]
[White "Havir, Adam"]
[Black "Torok, Aron Levente"]
[Result "1-0"]
[BlackElo "1749"]
[WhiteElo "1695"]
[LiveChessVersion "1.4.8"]

1. d4 {[%clk 1:30:58]} Nf6 {[%clk 1:30:45]} 2. c4 {[%clk 1:31:16]} e6
{[%clk 1:31:05]} 3. Nc3 {[%clk 1:31:11]} d5 {[%clk 1:31:26]} 4. cxd5
{[%clk 1:31:25]} exd5 {[%clk 1:31:32]} 5. Bg5 {[%clk 1:31:47]} Nbd7
{[%clk 1:31:27]} 6. e3 {[%clk 1:32:01]} h6 {[%clk 1:31:30]} 7. Bh4
{[%clk 1:32:25]} Be7 {[%clk 1:31:09]} 8. Qc2 {[%clk 1:31:36]} O-O
{[%clk 1:30:42]} 9. Bd3 {[%clk 1:30:50]} b6 {[%clk 1:29:44]} 10. Nf3
{[%clk 1:28:44]} Bb7 {[%clk 1:28:58]} 11. Rc1 {[%clk 1:26:58]} c5
{[%clk 1:27:35]} 12. dxc5 {[%clk 1:26:19]} Nxc5 {[%clk 1:25:47]} 13. O-O
{[%clk 1:25:02]} Nxd3 {[%clk 1:20:10]} 14. Qxd3 {[%clk 1:24:27]} Qd6
{[%clk 1:05:34]} 15. Rfd1 {[%clk 1:17:10]} Rfd8 {[%clk 1:03:44]} 16. Nb5
{[%clk 1:11:21]} Qb4 {[%clk 0:59:10]} 17. a3 {[%clk 1:04:53]} Qa5
{[%clk 0:58:39]} 18. Nbd4 {[%clk 0:51:07]} Rac8 {[%clk 0:53:09]} 19. Nf5
{[%clk 0:46:01]} Kf8 {[%clk 0:49:40]} 20. b4 {[%clk 0:41:37]} Ba6
{[%clk 0:46:35]} 21. Qb3 {[%clk 0:29:35]} Qb5 {[%clk 0:43:05]} 22. Qb2
{[%clk 0:27:40]} Rxc1 {[%clk 0:31:51]} 23. Rxc1 {[%clk 0:26:41]} Qd3
{[%clk 0:30:14]} 24. Nxe7 {[%clk 0:23:52]} Kxe7 {[%clk 0:30:25]} 25. Ne5
{[%clk 0:20:09]} Qb5 {[%clk 0:22:10]} 26. Nc6+ {[%clk 0:17:17]} Ke8
{[%clk 0:22:22]} 27. Qe5+ {[%clk 0:17:19]} Kf8 {[%clk 0:21:47]} 28. Qe7+
{[%clk 0:17:38]} Kg8 {[%clk 0:22:11]} 29. Qxd8+ {[%clk 0:17:58]} Kh7
{[%clk 0:22:31]} 30. Bxf6 {[%clk 0:18:13]} gxf6 {[%clk 0:22:42]} 31. Ne7
{[%clk 0:17:30]} h5 {[%clk 0:22:24]} 32. Qg8+ {[%clk 0:17:50]} Kh6
{[%clk 0:22:47]} 33. Qh8+ {[%clk 0:18:17]} Kg5 {[%clk 0:23:03]} 34. Qg7+
{[%clk 0:18:43]} Kh4 {[%clk 0:23:15]} 35. Qg3# {[%clk 0:19:07]} 1-0